[Event "Southend Easter U1700 rapid op 67th"]
[Site "Southend"]
[Date "2025.04.17"]
[Round "3"]
[White "Whipp, Ian"]
[Black "White, Colin V"]
[Result "1-0"]
[WhiteElo "1462"]
[BlackElo "1552"]
[PlyCount "122"]
[EventDate "2025.04.17"]
[EventType "swiss (rapid)"]
[EventRounds "6"]
[EventCountry "ENG"]
[SourceTitle "CB18_2025"]
[SourceDate "2025.04.30"]
[SourceVersion "1"]
[SourceVersionDate "2025.04.30"]
[SourceQuality "1"]

1. e4 e5 2. Nf3 Nc6 3. Bc4 Be7 4. d4 d6 5. d5 Na5 6. Bb3 Nf6 7. Qd3 0-0 8. 0-0 Nxb3 9. axb3 c6 10. Be3 a6 11. c4 Bg4 12. Nbd2 cxd5 13. cxd5 Qd7 14. Rfc1 Rfc8 15. Nc4 Qe8 16. Nb6 Rxc1+ 17. Rxc1 Bxf3 18. Nxa8 Bxe4 19. Nc7 Qd7 20. Qc3 Bxd5 21. Nxd5 Nxd5 22. Qc8+ Qxc8 23. Rxc8+ Bf8 24. Kf1 f5 25. g3 Kf7 26. Rb8 Nxe3+ 27. fxe3 b5 28. Ra8 b4 29. Rxa6 d5 30. Ke2 e4 31. h3 g6 32. g4 h6 33. gxf5 gxf5 34. Kf2 Kg7 35. Kg3 Bc5 36. Kf4 d4 37. exd4 Bxd4 38. Kxf5 e3 39. Re6 Bc5 40. Rc6 Bd4 41. Re6 Bc5 42. h4 Bd4 43. h5 Bc5 44. Kg4 Bd4 45. Kf3 Bc5 46. Ke2 Bd4 47. Kd3 Bxb2 48. Kxe3 Bc3 49. Kd3 Kh7 50. Rc6 Bb2 51. Kc4 Bc3 52. Kb5 Be1 53. Rc4 Kg7 54. Rxb4 Bxb4 55. Kxb4 Kf7 56. Kc5 Ke7 57. Kc6 Kd8 58. Kd6 Ke8 59. b4 Kd8 60. Ke5 Kd7 61. Ke4 Kd6 1-0